CUSTOM TARIFF OF INDIA 1999-2000. (Record no. 478054)

MARC details
000 -LEADER
fixed length control field 00784nam a2200265Ia 4500
008 - FIXED-LENGTH DATA ELEMENTS--GENERAL INFORMATION
fixed length control field 100315s9999 xx 000 0 und d
020 ## - INTERNATIONAL STANDARD BOOK NUMBER
International Standard Book Number 81-7588-054-6 
040 ## - CATALOGING SOURCE
Transcribing agency ENGLISH 
082 ## - DEWEY DECIMAL CLASSIFICATION NUMBER
Item number 3319 
Classification number 382.7 
100 ## - MAIN ENTRY--PERSONAL NAME
Personal name "JAIN , R . K . "
245 ## - TITLE STATEMENT
Title CUSTOM TARIFF OF INDIA 1999-2000.
250 ## - EDITION STATEMENT
Edition statement 29th 
260 ## - PUBLICATION, DISTRIBUTION, ETC. (IMPRINT)
Place of publication, distribution, etc New Delhi 
Name of publisher, distributor, etc CENTAX PUBLICATION  
Date of publication, distribution, etc 1999 
300 ## - PHYSICAL DESCRIPTION
Extent 1275P 
365 ## - TRADE PRICE
Price note Rupees 
Unit of pricing
Price amount 336.00 
366 ## - TRADE AVAILABILITY INFORMATION
Publishers' discount category 20 
505 ## - FORMATTED CONTENTS NOTE
Miscellaneous information DBH 
530 ## - ADDITIONAL PHYSICAL FORM AVAILABLE NOTE
Availability source C . SHANTILAL & CO. 2835/07-04-1999 
Additional physical form available note 2835/07-04-1999 
536 ## - FUNDING INFORMATION NOTE
Text of note 01/04/1999-31/03/2000 
620 ## -
-- "IMPORT TARIF,EXPORT TARIFF,, "
630 ## - SUBJECT ADDED ENTRY--UNIFORM TITLE
Uniform title CUSTOM TARIFF OF INDIA 1999-2000.
650 ## - SUBJECT ADDED ENTRY--TOPICAL TERM
Topical term or geographic name as entry element Taxation 
730 ## - ADDED ENTRY--UNIFORM TITLE
Uniform title CUSTOM TARIFF OF INDIA 1999-2000.
942 ## - ADDED ENTRY ELEMENTS (KOHA)
Koha item type Book
Holdings
Withdrawn status Lost status Damaged status Not for loan Home library Current library Date acquired Cost, normal purchase price Total Checkouts Full call number Barcode Date last seen Price effective from Koha item type
        Dr. V. N. Bedekar Institute of Management Studies Library Dr. V. N. Bedekar Institute of Management Studies Library 07/21/2004 420.00   382.7 /JAI  3319  VPMBRIMS-3319  03/19/2010 03/19/2010 Book